| 000 | 01435cam a2200385 a 4500 | ||
|---|---|---|---|
| 001 | 000018249 | ||
| 005 | 20200929165424.0 | ||
| 008 | 740617s1969 sp b 000 p spa d | ||
| 035 | _a(DLC) 73261900 | ||
| 035 | _a(OCoLC)920367 | ||
| 040 |
_aDO-SdBNP _bspa _cNhU _dICIU _dDLC _dBNPHU |
||
| 082 |
_a849.9 _bS462p |
||
| 245 | 0 | 0 |
_aSeis poetas catalanes : _bJosep Carne, Carles Riba, Joan Salvat-Papasseit, J. V. Foix, Pere Quart, Salvador Espriu. / _cSelección, prólogo y notas de José Batllo. |
| 260 |
_aMadrid, : _bTaurus, _c1969. |
||
| 300 |
_a238 p. ; _c18 cm. |
||
| 490 | 1 |
_aTemas de España _v83 |
|
| 504 | _aContiene referencias bibliográficas. | ||
| 650 | 4 |
_aPoetas catalana _ySIGLO XIX _xBiografías _939526 |
|
| 650 | 4 |
_aPoetas catalana _ySIGLO XX _xBiografías _939527 |
|
| 650 | 4 |
_aPoesía catalana _ySIGLO XIX _939528 |
|
| 650 | 4 |
_aPoesía catalana _ySIGLO XX _939529 |
|
| 650 | 4 |
_aLiteratura catalana _xBibliografías _939530 |
|
| 650 | 4 |
_aLiteratura catalana _ySIGLO XIX _939531 |
|
| 650 | 4 |
_aLiteratura catalana _ySIGLO XX _911451 |
|
| 700 | 1 |
_aCarner, Josep. _99822 |
|
| 700 | 1 |
_aRiba, Carles. _939532 |
|
| 700 | 1 |
_aSalvat-Pasasseit, Joan. _939533 |
|
| 700 | 1 |
_aFoix, J. V. _99824 |
|
| 700 | 1 |
_aQuart, Pere. _939534 |
|
| 700 | 1 |
_aEspriu, Salvador. _939535 |
|
| 700 | 1 |
_aBatllo, José, _d1939- _ecomp. _939536 |
|
| 830 | 0 |
_aTemas de España ; _v83 _96849 |
|
| 910 | _aCatalogación por copia / LC | ||
| 049 | _aBNGR | ||
| 999 |
_c17770 _d17770 |
||